LEADER 01075cam0-2200337-i-450- 001 990004195390403321 005 20070307124817.0 035 $a000419539 035 $aFED01000419539 035 $a(Aleph)000419539FED01 035 $a000419539 100 $a19990604d1961----km-y0itay50------ba 101 2 $agrc$afre 105 $ay-------001yy 200 1 $aOpuscules et lettres$fNicétas Stéthatos$gIntroduction, texte critique, traduction et notes par J. Darrouzès 210 $aParis$cLes éditions du Cerf$d1961 215 $a553 p.$d20 cm 225 1 $aSources chrétiennes$v81 500 10$aEpistulae$m$920146 676 $a230.14 700 1$aNicetas Stethatus$0386684 702 1$aDarrouzès,$bJean 801 0$aIT$bUNINA$gRICA$2UNIMARC 901 $aBK 912 $a990004195390403321 952 $aP2B-590-S.C.-NICET.ST.-405A-1961$bIst.Fil.Cl.61,Bibl.35281$fFLFBC 952 $aDDR-Fonti II- Nicetas Stethatos Ed.3.1$b1786 ddr$fDDR$m21-7841 959 $aFLFBC 959 $aDDR 996 $aEpistulae$920146 997 $aUNINA LEADER 03172nam 22006015 450 001 9910255197803321 005 20200704012402.0 010 $a3-319-27046-X 024 7 $a10.1007/978-3-319-27046-3 035 $a(CKB)3710000000616269 035 $a(EBL)4444638 035 $a(DE-He213)978-3-319-27046-3 035 $a(MiAaPQ)EBC4444638 035 $a(PPN)228320852 035 $a(EXLCZ)993710000000616269 100 $a20160311d2016 u| 0 101 0 $aeng 135 $aur|n|---||||| 181 $ctxt$2rdacontent 182 $cc$2rdamedia 183 $acr$2rdacarrier 200 10$aAssistance Benefits in Brazil $eChanges and Challenges to the Exercise of a Constitutional Right /$fedited by Marco Aurélio Serau Junior, José Ricardo Caetano Costa 205 $a1st ed. 2016. 210 1$aCham :$cSpringer International Publishing :$cImprint: Springer,$d2016. 215 $a1 online resource (190 p.) 300 $aDescription based upon print version of record. 311 $a3-319-27044-3 330 $aThis edited book focuses on the most controversial aspects of assistance benefits as mandated by the Brazilian Constitution of 1988 - and the challenges that have merged since the approval, in 1993, of the Federal Act 8.742, also known as Organic Law of Social Assistance. This collection of essays allows the reader to understand some important changes in social assistance policies in Brazil in recent years, having the General Theory of Social Security and the Human Rights as references. The tensions between economic principles and affirmative policies for the less advantaged parts of the society are also covered, showing how different interpretations of key concepts - like need, poverty or family - may have an important role on the exercise of fundamental rights. 606 $aConflict of laws 606 $aConflict of laws 606 $aLabor laws and legislation 606 $aHuman rights 606 $aConstitutional law 606 $aPrivate International Law, International & Foreign Law, Comparative Law $3https://scigraph.springernature.com/ontologies/product-market-codes/R14002 606 $aLabour Law/Social Law$3https://scigraph.springernature.com/ontologies/product-market-codes/R12018 606 $aHuman Rights$3https://scigraph.springernature.com/ontologies/product-market-codes/R19020 606 $aConstitutional Law$3https://scigraph.springernature.com/ontologies/product-market-codes/R17028 615 0$aConflict of laws. 615 0$aConflict of laws. 615 0$aLabor laws and legislation. 615 0$aHuman rights. 615 0$aConstitutional law. 615 14$aPrivate International Law, International & Foreign Law, Comparative Law . 615 24$aLabour Law/Social Law. 615 24$aHuman Rights. 615 24$aConstitutional Law. 676 $a340 702 $aSerau Junior$b Marco Aurélio$4edt$4http://id.loc.gov/vocabulary/relators/edt 702 $aCaetano Costa$b José Ricardo$4edt$4http://id.loc.gov/vocabulary/relators/edt 906 $aBOOK 912 $a9910255197803321 996 $aAssistance Benefits in Brazil$92514251 997 $aUNINA